000 00699nam a22002177a 4500
999 _c21621
_d21621
003 AR-CdUCM
008 201015b ||||| |||| 00| 0 spa d
020 _a9788499928395
040 _aMUNICIPALIDAD PROVINCIAL DEL CUSCO
_cBIBLIOTECA MUNICIPAL DEL CUSCO
082 _a818.51/O22
_bO22
100 _aObama, Barack
_945561
245 _aLos sueños de mi padre :
_buna historia de raza y herencia /
_cBarack Obama
260 _aMadrid ;
_bDebate,
_c2017.
300 _a404 páginas. :
_c23 cm.
500 _aTítulo original: Dreams from My fatther
650 _aMemorias líricas
_945562
650 _aBarack Obama
_945563
650 _aBiografías
_9148
942 _2ddc
_cLIBROS
945 _aRoel